000 00868nam a2200241 a 4500
001 40333
003 BD-RjUL
005 20211209053208.0
008 160428s1975 ii ||||| |||| 001 0 ben d
020 _c: IRs. 14.00
035 _a(BD-RjUL) 40448
040 _aBD-RjUL
_bben
_cBD-RjUL
041 _aben
082 _223
_a398.0954
_bHAL 1975
100 _aহাফিজ, আবদুল
_9124257
245 1 0 _aলৌকিক সংস্কার ও মানব-সমাজ /
_cআবদুল হাফিজ
260 _aকলিকাতা :
_bমুক্তধারা,
_c১৯৭৫
300 _a[২], ১৮২ পৃ. ;
_c২১ সেমি.
500 _aনির্ঘণ্ট সংযুক্ত
650 _aলোকাচারবিদ্যা
_zভারত
_9124258
650 _aFolklore
_zIndia
_9117704
942 _2ddc
_cBK
999 _c40333
_d40333